000 01028nam0a22002891 4500
001 rc\4324239
005 20130416132336.0
021 _aRU
_b[68-48032]
035 _a(NLR Aleph) 008514080
090 _a8187237
_c8187237
100 _a20130416d1968 |||y0rusy50 ca
101 0 _arus
102 _aRU
105 _aa z |||||
200 1 _aПамятные места Хабаровского края
_eТуристу
210 _a[Хабаровск
_cКн. изд-во
_d1968]
215 _a126 с.
_cил.
_d15
300 _aНа пер. авт. не указаны
606 _aТуристические маршруты
_yХабаровский край
_2psbo
607 _aХабаровский край
_jПутеводители
_2psbo
700 1 _aГригорова
_bЛ. С.
_gЛилия Степановна
701 1 _aКаргополова
_bВ. И.
_gВалентина Ивановна
801 0 _aRU
_bNLR
_gpsbo
801 1 _aRU
_bELAR
_2rusmarc
852 _aNLR
_j68-1/472
942 _cBOOK
980 _aNB